000 01211nam a2200349 i 4500
001 196366
003 ES-MaACL
005 20250903022218.0
007 ta
008 060714s2004 enka b 001 0 eng
020 _a0224044478
035 _a(CStRLIN)CUBGGLAD185401822-B
035 _a14452385
040 _aUKM
_cUKM
_dPRC
_dCUY
_dDLC
_dES-MaACL
_bspa
042 _alccopycat
082 0 4 _a500.2
_222
100 0 _aPenrose, Roger
_990183
245 1 4 _aThe road to reality :
_ba complete guide to the laws of the universe /
_cRoger Penrose.
260 _aLondon :
_bJonathan Cape,
_c2004.
300 _a1094 p. ;
_c25 cm.
336 _2rdacontent
_atexto
337 _2rdamedia
_asin mediación
338 _2rdacarrier
_avolumen
504 _aIncludes bibliographical references (p. 1050-1080) and index.
650 7 _aFísica matemática
_2embne
_912887
852 _aES-MaACL
_cDES
_hDonación: José Manuel Duarte Cendán
_9204069
_jA-15410
903 _9238529
_aDuarte Cendán, José Manuel
_q1
_ednr
942 _n0
_cMONOGRAFIA
999 _c196366
_d196366